HAYALET X (Record no. 640564)

MARC details
000 -LEADER
sabit uzunluktaki kontrol alanı 00237nam a2200097Ia 4500
001 - KONTROL NUMARASI
kontrol alanı 640564
005 - EN SON İŞLEMİN TARİH VE ZAMANI
kontrol alanı 20250826153450.0
008 - SABİT-UZUNLUKTA VERİ ÖĞELERİ--GENEL BİLGİ
sabit uzunluktaki kontrol alanı 250824s9999 xx 000 0 und d
245 #0 - ESER / YAZAR
ESER ADI HAYALET X
Yazar Adı KJARTAN POSKITT
260 ## - YAYIN, DAĞITIM, VB.
YAYIN EVİ EĞLENCELİ BİLGİ
Holdings
Düşüm durumu Kayıp durumu Hasar Durumu Ödünç verilmez Ana kütüphane Geçerli Kütüphane Edinilen tarih Toplam ödünç verme sayısı Barkod Son görüntüleme tarihi Son ödünç verme tarihi Fiyatın geçerli olmaya başladığı tarih Koha materyal türü Sınıflandırma Kaynağı veya raf şeması İade tarihi
        ABİDİN SANİYE ERÇAL İLKOKULU ABİDİN SANİYE ERÇAL İLKOKULU 24.08.2025 1 1001807 06.02.2026 24.12.2025 26.08.2025 Books    
        ERDEM BAYAZIT ORTAOKULU ERDEM BAYAZIT ORTAOKULU 15.12.2025   10529510 15.12.2025   15.12.2025 Books Dewey Ondalık Sınıflama  
        ERDEM BAYAZIT ORTAOKULU ERDEM BAYAZIT ORTAOKULU 15.12.2025 1 10529511 15.12.2025 15.12.2025 15.12.2025 Books Dewey Ondalık Sınıflama 30.12.2025